000 00536nam a2200169 a 4500
999 _c369
_d369
020 _a0827378394
050 _aR123.Eh8
100 1 _aEhrlich, Ann,
245 1 0 _aMedical terminology for health professions /
_cAnn Ehrlich.
250 _a3rd ed.
260 _aAlbany, N.Y. :
_bDelmar Publishers,
_cc1997.
300 _axvii, 477 p. :
_bill. (chiefly col.) ;
_c26 cm. +
_e1 computer disk (3 1/2 in.)
500 _aIncludes index.
650 0 _aMedicine
_xTerminology
_xProgrammed instruction.
650 1 2 _aTerminology as Topic.
942 _cBK